[Event "Bayern-chI Bank Hofmann 26th"]
[Site "Tegernsee"]
[Date "2023.11.05"]
[Round "9"]
[White "Mai, Philipp"]
[Black "Khrapko, Marharyta"]
[Result "0-1"]
[WhiteElo "2313"]
[BlackElo "2170"]
[PlyCount "78"]
[EventDate "2023.10.28"]
[EventType "swiss"]
[EventRounds "9"]
[EventCountry "GER"]
[SourceTitle "Mega2024 Update 01"]
[Source "Chessbase"]
[SourceDate "2023.11.12"]
[SourceVersion "1"]
[SourceVersionDate "2023.11.12"]
[SourceQuality "1"]

1. e4 c5 2. Nf3 Nc6 3. d4 cxd4 4. Nxd4 e5 5. Nb5 d6 6. N1c3 a6 7. Na3 Be7 8. Nc4 b5 9. Ne3 Nf6 10. Bd3 0-0 11. 0-0 Nb4 12. Be2 Be6 13. a3 Nc6 14. Bd3 Nd7 15. Ncd5 Nc5 16. b4 Nxd3 17. Qxd3 Bg5 18. Bb2 Qb8 19. Rfd1 Rd8 20. Bc1 Qb7 21. Bd2 Rac8 22. Rac1 Nd4 23. Nf1 Bxd2 24. Nxd2 Bxd5 25. exd5 Rc3 26. Qf1 Rxc2 27. Rxc2 Nxc2 28. Nb3 Nxa3 29. Na5 Qa8 30. Qd3 Nc4 31. Nxc4 bxc4 32. Qxc4 Rc8 33. Qd3 Qb7 34. h3 g6 35. Ra1 Qxb4 36. Rxa6 Qe1+ 37. Kh2 Qxf2 38. Rxd6 Rc1 39. Rc6 Qf4+ 0-1

[Event "Munich Pfingst op-A 1st"]
[Site "Munich"]
[Date "2023.06.03"]
[Round "4"]
[White "Schleicher, Guido"]
[Black "Mai, Philipp"]
[Result "0-1"]
[WhiteElo "2164"]
[BlackElo "2315"]
[PlyCount "108"]
[EventDate "2023.05.31"]
[EventType "swiss"]
[EventRounds "9"]
[EventCountry "GER"]
[SourceTitle "CBM 214 Extra"]
[Source "ChessBase"]
[SourceDate "2023.07.31"]
[SourceVersion "1"]
[SourceVersionDate "2023.07.31"]
[SourceQuality "1"]

1. d4 Nf6 2. Nc3 d5 3. Bf4 Bf5 4. f3 e6 5. g4 Bg6 6. e3 Bd6 7. Bd3 Bxf4 8. exf4 Bxd3 9. Qxd3 Qd6 10. Nge2 Nbd7 11. 0-0-0 Nb6 12. Qb5+ c6 13. Qc5 Qxc5 14. dxc5 Nbd7 15. b4 0-0 16. Ng3 b6 17. g5 Ne8 18. cxb6 Nxb6 19. f5 Nd6 20. f6 gxf6 21. gxf6 Nd7 22. Nh5 Ne8 23. Rd4 Nexf6 24. Nxf6+ Nxf6 25. Rf4 Nh5 26. Rh4 Ng7 27. Rg1 Kh8 28. b5 Rac8 29. Ra4 cxb5 30. Nxb5 Rc5 31. Nxa7 Nf5 32. Kd2 Rb8 33. Kd3 d4 34. Ra3 h6 35. Rb3 Rxb3+ 36. axb3 Rc3+ 37. Kd2 Rxf3 38. Nc6 Rf2+ 39. Kd3 Rf3+ 40. Ke4 Re3+ 41. Kf4 Nd6 42. Kg4 Kh7 43. h4 f5+ 44. Kh5 Ne8 45. Rg6 Ng7+ 46. Rxg7+ Kxg7 47. Nxd4 Kf6 48. b4 e5 49. Nb5 Re4 50. c3 Rc4 51. Nd6 Rxc3 52. b5 Rb3 53. Kxh6 e4 54. Ne8+ Ke5 0-1

[Event "BL2-Ost 2223"]
[Site "Germany"]
[Date "2022.10.23"]
[Round "2.7"]
[White "Mai, Philipp"]
[Black "Braun, Michael1111"]
[Result "1-0"]
[WhiteElo "2307"]
[BlackElo "2083"]
[PlyCount "77"]
[EventDate "2022.10.22"]
[EventType "team-tourn"]
[EventRounds "10"]
[EventCountry "GER"]
[SourceTitle "EXT 2024"]
[Source "ChessBase"]
[SourceDate "2023.10.10"]
[SourceVersion "1"]
[SourceVersionDate "2023.10.10"]
[SourceQuality "1"]
[WhiteTeam "Bayern Muenchen II"]
[BlackTeam "Nuernberg NT"]
[WhiteTeamCountry "GER"]
[BlackTeamCountry "GER"]

1. e4 c5 2. Nf3 d6 3. d4 cxd4 4. Nxd4 Nf6 5. Nc3 a6 6. Be3 e5 7. Nb3 Be7 8. h3 h5 9. Qf3 Be6 10. 0-0-0 Nbd7 11. Nd5 Bxd5 12. exd5 Qc7 13. Kb1 Nb6 14. Bxb6 Qxb6 15. Bd3 Nd7 16. g4 h4 17. Bf5 Nc5 18. Nxc5 Qxc5 19. Rd3 Bg5 20. Bd7+ Ke7 21. Qf5 Bf4 22. Ba4 Qc8 23. Qe4 Qd8 24. Re1 Kf8 25. Rf3 Rc8 26. c3 g6 27. Rxf4 exf4 28. Qd4 Kg8 29. Re8+ Qxe8 30. Bxe8 Rxe8 31. Qxf4 Re5 32. c4 Kg7 33. g5 Rhe8 34. Qf6+ Kg8 35. Qxd6 Re1+ 36. Kc2 R8e2+ 37. Kb3 Rb1 38. Qd8+ Kh7 39. Qf6 1-0

[Event "BL2-Ost 1920"]
[Site "Germany"]
[Date "2021.08.08"]
[Round "10.7"]
[White "Mai, Philipp"]
[Black "Pulpan, Jakub"]
[Result "1/2-1/2"]
[WhiteElo "2289"]
[BlackElo "2414"]
[PlyCount "30"]
[EventDate "2019.10.19"]
[EventType "team-tourn"]
[EventRounds "11"]
[EventCountry "GER"]
[SourceTitle "EXT 2023"]
[Source "ChessBase"]
[SourceDate "2022.10.05"]
[SourceVersion "1"]
[SourceVersionDate "2022.10.05"]
[SourceQuality "1"]
[WhiteTeam "Bayern Muenchen II"]
[BlackTeam "Nickelhuette Aue"]
[WhiteTeamCountry "GER"]
[BlackTeamCountry "GER"]

1. e4 e5 2. f4 d5 3. exd5 exf4 4. Nf3 Nf6 5. Bc4 Nxd5 6. 0-0 Be7 7. d4 c6 8. Nc3 Be6 9. Nxd5 Bxd5 10. Bxd5 cxd5 11. Bxf4 Nc6 12. c3 0-0 13. Qe1 Bd6 14. Qg3 Bxf4 15. Qxf4 Qd7 1/2-1/2

[Event "Oberliga Bayern 1819"]
[Site "Bayern"]
[Date "2018.10.21"]
[Round "1.5"]
[White "Wittmann, Matthias"]
[Black "Mai, Philipp"]
[Result "0-1"]
[WhiteElo "2073"]
[BlackElo "2298"]
[PlyCount "58"]
[EventDate "2018.10.21"]
[EventType "team-tourn"]
[EventRounds "9"]
[EventCountry "GER"]
[SourceTitle "EXT 2020"]
[Source "ChessBase"]
[SourceDate "2019.10.17"]
[SourceVersion "1"]
[SourceVersionDate "2019.10.17"]
[SourceQuality "1"]
[WhiteTeam "Pang/Rosenheim"]
[BlackTeam "Bayern Muenchen II"]
[WhiteTeamCountry "GER"]
[BlackTeamCountry "GER"]

1. e4 c5 2. d4 cxd4 3. c3 dxc3 4. Nxc3 e6 5. Nf3 a6 6. Bc4 b5 7. Bb3 Bb7 8. 0-0 d6 9. Bf4 Be7 10. Qe2 Nd7 11. Rfd1 Qb8 12. e5 d5 13. Nxd5 Bxd5 14. Rxd5 exd5 15. e6 Qxf4 16. Bxd5 fxe6 17. Bxa8 Qc4 18. Qe3 Qc8 19. Be4 Ngf6 20. Rc1 Qb8 21. Bc2 Qb6 22. Qe2 0-0 23. Ng5 Kh8 24. h3 Bc5 25. Nxe6 Bxf2+ 26. Kh1 Qe3 27. Re1 Qxe2 28. Rxe2 Re8 29. Bb3 Nc5 0-1

[Event "Oberliga Bayern 1718"]
[Site "Bayern"]
[Date "2018.04.15"]
[Round "9.6"]
[White "Wutz, Christoph"]
[Black "Mai, Philipp"]
[Result "1-0"]
[WhiteElo "2277"]
[BlackElo "2301"]
[PlyCount "69"]
[EventDate "2017.10.22"]
[EventType "team-tourn"]
[EventRounds "9"]
[EventCountry "GER"]
[SourceTitle "EXT 2020"]
[Source "ChessBase"]
[SourceDate "2019.10.17"]
[SourceVersion "1"]
[SourceVersionDate "2019.10.17"]
[SourceQuality "1"]
[WhiteTeam "Regensburg Post/Sued"]
[BlackTeam "Bayern Muenchen II"]
[WhiteTeamCountry "GER"]
[BlackTeamCountry "GER"]

1. e4 c5 2. Nf3 d6 3. d4 cxd4 4. Nxd4 Nf6 5. Nc3 a6 6. Be2 e5 7. Nb3 Be7 8. 0-0 0-0 9. f4 b5 10. Bf3 Bb7 11. Be3 Nbd7 12. Qe1 Rc8 13. a3 Re8 14. Rd1 Qc7 15. Kh1 Nb6 16. Na5 Ba8 17. Rf2 Na4 18. Nxa4 bxa4 19. Bd2 exf4 20. Bc3 Bd8 21. Re2 g5 22. h3 Re5 23. Bxe5 dxe5 24. b4 axb3 25. Nxb3 h5 26. Red2 g4 27. hxg4 hxg4 28. Qh4 gxf3 29. gxf3 Kf8 30. Rd6 Nd5 31. Qh8+ Ke7 32. Qxe5+ Kf8 33. exd5 Qxc2 34. Qh8+ Ke7 35. Qf6+ 1-0

[Event "Oberliga Bayern 1718"]
[Site "Bayern"]
[Date "2018.01.21"]
[Round "5.6"]
[White "Krauss, Josef"]
[Black "Mai, Philipp"]
[Result "1-0"]
[WhiteElo "2126"]
[BlackElo "2301"]
[PlyCount "79"]
[EventDate "2017.10.22"]
[EventType "team-tourn"]
[EventRounds "9"]
[EventCountry "GER"]
[SourceTitle "EXT 2020"]
[Source "ChessBase"]
[SourceDate "2019.10.17"]
[SourceVersion "1"]
[SourceVersionDate "2019.10.17"]
[SourceQuality "1"]
[WhiteTeam "Schweinfurt"]
[BlackTeam "Bayern Muenchen II"]
[WhiteTeamCountry "GER"]
[BlackTeamCountry "GER"]

1. e4 c5 2. c3 Nf6 3. e5 Nd5 4. Bc4 e6 5. d4 Nb6 6. Bb3 d5 7. exd6 Qxd6 8. Nf3 Nc6 9. 0-0 Be7 10. Nbd2 cxd4 11. Ne4 Qd8 12. cxd4 0-0 13. Nc3 Nb4 14. Bf4 N4d5 15. Bg3 Nxc3 16. bxc3 Bd7 17. Ne5 Bf6 18. Qg4 Rc8 19. Rac1 Qe7 20. Nxd7 Qxd7 21. Rfd1 Rfd8 22. c4 g6 23. h3 Bg7 24. Bh4 Re8 25. d5 Rc5 26. Bg5 Qc8 27. Be3 f5 28. Qf3 e5 29. d6 e4 30. Qe2 Rd8 31. Bxc5 Qxc5 32. Qe3 Nd7 33. Rd5 Qxe3 34. fxe3 b6 35. c5 bxc5 36. Rdxc5+ Kf8 37. Rc8 Bf6 38. Rxd8+ Bxd8 39. Rc8 Ke8 40. Ba4 1-0

[Event "Oberliga Bayern 1718"]
[Site "Bayern"]
[Date "2017.12.10"]
[Round "4.7"]
[White "Bielmeier, Ludwig"]
[Black "Mai, Philipp"]
[Result "0-1"]
[WhiteElo "2046"]
[BlackElo "2301"]
[PlyCount "76"]
[EventDate "2017.10.22"]
[EventType "team-tourn"]
[EventRounds "9"]
[EventCountry "GER"]
[SourceTitle "EXT 2020"]
[Source "ChessBase"]
[SourceDate "2019.10.17"]
[SourceVersion "1"]
[SourceVersionDate "2019.10.17"]
[SourceQuality "1"]
[WhiteTeam "Deggendorf"]
[BlackTeam "Bayern Muenchen II"]
[WhiteTeamCountry "GER"]
[BlackTeamCountry "GER"]

1. g3 e5 2. Bg2 Nc6 3. c4 g6 4. Nc3 d6 5. Nf3 Bg7 6. 0-0 Be6 7. d3 h6 8. Rb1 Qd7 9. Re1 Nge7 10. b4 0-0 11. b5 Nd8 12. Ba3 f5 13. Qc2 g5 14. Nd2 g4 15. c5 f4 16. cxd6 cxd6 17. Nce4 Nf5 18. Nc4 f3 19. Bf1 Nf7 20. Qa4 Rfd8 21. Qd1 b6 22. Ned2 d5 23. e4 dxc4 24. exf5 Bxf5 25. Nxc4 Bxd3 26. Bxd3 Qxd3 27. Qxd3 Rxd3 28. Bb2 Rad8 29. h3 gxh3 30. Kh2 R8d5 31. a4 Rc5 32. Re4 Ng5 33. Re3 e4 34. Bxg7 Kxg7 35. Rb4 Rd4 36. Rc3 Nf7 37. Kxh3 Ne5 38. Nxe5 Rxb4 0-1

[Event "Oberliga Bayern 1314"]
[Site "Bayern"]
[Date "2013.11.24"]
[Round "3.7"]
[White "Mai, Philipp"]
[Black "Schmidt, Anton"]
[Result "0-1"]
[WhiteElo "2310"]
[BlackElo "2154"]
[PlyCount "98"]
[EventDate "2013.10.13"]
[EventType "team-tourn"]
[EventRounds "9"]
[EventCountry "GER"]
[SourceTitle "EXT 2015"]
[Source "ChessBase"]
[SourceDate "2014.11.20"]
[SourceVersion "1"]
[SourceVersionDate "2014.11.20"]
[SourceQuality "1"]
[WhiteTeam "Bayern Muenchen II"]
[BlackTeam "Groebenzell"]
[WhiteTeamCountry "GER"]
[BlackTeamCountry "GER"]

1. e4 e5 2. Nf3 Nc6 3. Bb5 f5 4. d3 fxe4 5. dxe4 Nf6 6. 0-0 Bc5 7. Qd3 Nd4 8. Nxd4 Bxd4 9. Bc4 d6 10. Nc3 Bxc3 11. Qxc3 Nxe4 12. Qf3 Nf6 13. Bg5 c6 14. Rfe1 Qe7 15. Qc3 Bf5 16. Rad1 0-0-0 17. f4 e4 18. Qa5 Bg4 19. Be2 Bxe2 20. Rxe2 Kb8 21. c4 Rhe8 22. Bh4 Qe6 23. Bf2 a6 24. Qc3 Qg4 25. Qe3 c5 26. b4 Qe6 27. Qb3 Qf5 28. Rb2 Qc8 29. Rdb1 Rd7 30. bxc5 dxc5 31. Qa3 Red8 32. h3 Rd1+ 33. Kh2 Rxb1 34. Rxb1 Qc6 35. Bxc5 Rd3 36. Qb2 Nd7 37. Bb4 e3 38. Qxg7 Qxc4 39. Qxh7 Qxf4+ 40. Kh1 Qd4 41. Qh5 Nf6 42. Qf3 Ne4 43. Be1 Qd5 44. Rc1 Ka7 45. Kg1 Qd4 46. Kh2 Qd6+ 47. Bg3 Nxg3 48. Qxg3 Qxg3+ 49. Kxg3 e2+ 0-1

[Event "Mecklenburg VP LL2 West 1112"]
[Site "Mecklenburg VP"]
[Date "2012.03.04"]
[Round "6.5"]
[White "Meier, Klaus"]
[Black "Mai, Philipp"]
[Result "1-0"]
[WhiteElo "1801"]
[BlackElo "1525"]
[PlyCount "75"]
[EventDate "2011.10.02"]
[EventType "team-tourn"]
[EventRounds "9"]
[EventCountry "GER"]
[SourceTitle "EXT 2022"]
[Source "ChessBase"]
[SourceDate "2021.10.06"]
[SourceVersion "1"]
[SourceVersionDate "2021.10.06"]
[SourceQuality "1"]
[WhiteTeam "Ludwigslust Post SV"]
[BlackTeam "Putlitzer SV 1921"]
[WhiteTeamCountry "GER"]
[BlackTeamCountry "GER"]

1. d4 d5 2. Nf3 Nf6 3. c4 c6 4. Nc3 Nbd7 5. Bg5 e6 6. e3 Be7 7. cxd5 exd5 8. Bd3 0-0 9. 0-0 Qb6 10. Qe2 Re8 11. Rab1 Bd6 12. b4 Qc7 13. Rfc1 b6 14. Nb5 Qb8 15. Rxc6 Be7 16. Nc7 Bb7 17. Rc2 Rc8 18. Nxa8 Qxa8 19. b5 h6 20. Bh4 Kf8 21. Rbc1 Ne8 22. Bg3 Bd6 23. Rxc8 Bxc8 24. Qc2 Bb7 25. Bxd6+ Nxd6 26. Qc7 Ke7 27. Ne5 Qc8 28. Qxc8 Bxc8 29. Nc6+ Ke8 30. Nxa7 Bb7 31. Nc6 g6 32. Ne5 Nf8 33. a4 Ne6 34. f4 h5 35. h3 Kd8 36. g4 hxg4 37. hxg4 Bc8 38. Rc6 1-0

[Event "Mecklenburg VP LL2 West 1112"]
[Site "Mecklenburg VP"]
[Date "2012.01.15"]
[Round "5.6"]
[White "Mai, Philipp"]
[Black "Noelck, Ulrich"]
[Result "1-0"]
[WhiteElo "1525"]
[BlackElo "1578"]
[PlyCount "93"]
[EventDate "2011.10.02"]
[EventType "team-tourn"]
[EventRounds "9"]
[EventCountry "GER"]
[SourceTitle "EXT 2022"]
[Source "ChessBase"]
[SourceDate "2021.10.06"]
[SourceVersion "1"]
[SourceVersionDate "2021.10.06"]
[SourceQuality "1"]
[WhiteTeam "Putlitzer SV 1921"]
[BlackTeam "Kuehlungsborn SV Empor"]
[WhiteTeamCountry "GER"]
[BlackTeamCountry "GER"]

1. d4 e6 2. Nf3 d5 3. Bf4 Bd6 4. Bxd6 Qxd6 5. c3 Nd7 6. Nbd2 Ngf6 7. e3 c5 8. Be2 b6 9. 0-0 Bb7 10. c4 0-0 11. Rc1 Rfe8 12. Qb3 Rac8 13. Rfd1 Qb8 14. Qa3 h6 15. b4 cxd4 16. Nxd4 dxc4 17. Nxc4 Red8 18. Bf3 Bxf3 19. Nxf3 Nd5 20. Nd4 b5 21. Na5 Rxc1 22. Rxc1 Qb6 23. Nac6 Rc8 24. e4 Rxc6 25. Nxc6 Nf4 26. Qf3 Ng6 27. Qd3 Nde5 28. Qd8+ Qxd8 29. Nxd8 Nc4 30. Nc6 Nf4 31. Rd1 Ne2+ 32. Kf1 Nc3 33. Rd8+ Kh7 34. Nxa7 Nxa2 35. Nxb5 Ne5 36. Nd6 Nxb4 37. f4 Ned3 38. f5 exf5 39. exf5 Ne5 40. Re8 Nbc6 41. Rc8 Nd4 42. h3 f6 43. Rc7 h5 44. Kf2 Kh6 45. Ke3 Nec6 46. h4 Kh7 47. Ke4 1-0

[Event "Mecklenburg VP-ch U18"]
[Site "Malchow"]
[Date "2011.02.07"]
[Round "5.3"]
[White "Henselin, Frank"]
[Black "Mai, Philipp"]
[Result "1-0"]
[WhiteElo "1811"]
[BlackElo "1411"]
[PlyCount "53"]
[EventDate "2011.02.05"]
[EventType "swiss"]
[EventRounds "7"]
[EventCountry "GER"]
[SourceTitle "EXT 2022"]
[Source "ChessBase"]
[SourceDate "2021.10.06"]
[SourceVersion "1"]
[SourceVersionDate "2021.10.06"]
[SourceQuality "1"]

1. e4 b6 2. d4 Bb7 3. d5 Nf6 4. Nc3 d6 5. Nf3 g6 6. Be3 Bg7 7. Qd2 0-0 8. Bh6 c6 9. Bxg7 Kxg7 10. h4 h5 11. Be2 cxd5 12. exd5 Nbd7 13. Ng5 Ne5 14. f3 Qc7 15. g4 hxg4 16. fxg4 Nfxg4 17. h5 Qc5 18. hxg6 Qf2+ 19. Kd1 Ne3+ 20. Kc1 Rh8 21. Rh7+ Rxh7 22. gxh7 Qg1+ 23. Nd1 Qxg5 24. Nxe3 Qg1+ 25. Bd1 Kxh7 26. Nf5 Qg6 27. Qh2+ 1-0

[Event "Mecklenburg VP-ch U16"]
[Site "Malchow"]
[Date "2009.02.10"]
[Round "7.2"]
[White "Luther, Alexander"]
[Black "Mai, Philipp"]
[Result "1-0"]
[WhiteElo "1595"]
[BlackElo "1452"]
[PlyCount "59"]
[EventDate "2009.02.07"]
[EventType "swiss"]
[EventRounds "7"]
[EventCountry "GER"]
[SourceTitle "EXT 2022"]
[Source "ChessBase"]
[SourceDate "2021.10.06"]
[SourceVersion "1"]
[SourceVersionDate "2021.10.06"]
[SourceQuality "1"]

1. e4 d5 2. exd5 Qxd5 3. Nc3 Qa5 4. Nf3 Bf5 5. d4 c6 6. Bd2 Nd7 7. Bc4 e6 8. 0-0 Ngf6 9. Re1 Bd6 10. a3 0-0 11. Ne4 Qc7 12. Nxd6 Qxd6 13. Bb4 c5 14. dxc5 Qc6 15. Nd4 Qc8 16. c6 bxc6 17. Bxf8 Nxf8 18. Nxf5 exf5 19. Re7 Ne6 20. Bxe6 fxe6 21. Qd6 Rb8 22. b3 Rb5 23. Qxe6+ Qxe6 24. Rxe6 Rc5 25. c4 Kf7 26. Re3 Ne4 27. f3 Nd6 28. Rd1 Nc8 29. Rd7+ Kg6 30. Re6+ 1-0

[Event "Oberliga Bayern 0708"]
[Site "Bayern"]
[Date "2007.11.25"]
[Round "3.5"]
[White "Koepke, Christian"]
[Black "Mai, Philipp"]
[Result "1/2-1/2"]
[WhiteElo "2289"]
[BlackElo "2300"]
[PlyCount "80"]
[EventDate "2007.10.21"]
[EventType "team-tourn"]
[EventRounds "9"]
[EventCountry "GER"]
[SourceTitle "EXT 2009"]
[Source "ChessBase"]
[SourceDate "2008.11.26"]
[SourceVersion "1"]
[SourceVersionDate "2008.11.26"]
[SourceQuality "1"]
[WhiteTeam "Muenchen Tarrasch"]
[BlackTeam "Bayern Muenchen II"]
[WhiteTeamCountry "GER"]
[BlackTeamCountry "GER"]

1. e4 c5 2. Nf3 d6 3. d4 cxd4 4. Nxd4 Nf6 5. Nc3 a6 6. Be3 e5 7. Nb3 Be6 8. Qd2 Nbd7 9. f3 Rc8 10. 0-0-0 Be7 11. g4 Nb6 12. Kb1 0-0 13. h4 h5 14. g5 Nfd7 15. Nd5 Nxd5 16. exd5 Bf5 17. Bd3 Bxd3 18. Qxd3 g6 19. Rhf1 Re8 20. f4 exf4 21. Bd4 Bf8 22. Rxf4 Bg7 23. Bxg7 Kxg7 24. Nd2 Ne5 25. Qd4 Qc7 26. c3 Re7 27. Ne4 Qd7 28. b3 Qc7 29. Rf6 Rd8 30. c4 b6 31. Re1 Kg8 32. Rf4 Rc8 33. Nf6+ Kg7 34. Ne4 Kg8 35. Rc1 Rb8 36. Rc2 a5 37. Nf6+ Kg7 38. Ne4 Kg8 39. Nf6+ Kg7 40. Ne4 Kg8 1/2-1/2

[Event "Oberliga Bayern 0607"]
[Site "Bayern"]
[Date "2007.02.25"]
[Round "6.5"]
[White "Mai, Philipp"]
[Black "Meier, Volker"]
[Result "1-0"]
[WhiteElo "2205"]
[BlackElo "2160"]
[PlyCount "113"]
[EventDate "2006.10.15"]
[EventType "team-tourn"]
[EventRounds "9"]
[EventCountry "GER"]
[SourceTitle "EXT 2008"]
[Source "ChessBase"]
[SourceDate "2007.11.25"]
[SourceVersion "1"]
[SourceVersionDate "2007.11.25"]
[SourceQuality "1"]
[WhiteTeam "Bayern Muenchen II"]
[BlackTeam "Muenchen Tarrasch"]
[WhiteTeamCountry "GER"]
[BlackTeamCountry "GER"]

1. e4 c5 2. g3 Nc6 3. Bg2 g6 4. Ne2 Bg7 5. c3 e5 6. 0-0 Nge7 7. d3 0-0 8. Be3 b6 9. d4 d6 10. d5 Nb8 11. f4 h6 12. fxe5 dxe5 13. a4 Nd7 14. Na3 Ba6 15. Nb5 Bxb5 16. axb5 Nc8 17. Qd2 Kh7 18. c4 Nd6 19. Qd3 Nf6 20. b4 cxb4 21. c5 bxc5 22. Bxc5 Rc8 23. Bxb4 Qb6+ 24. Kh1 Nxb5 25. Bxf8 Rxf8 26. Rab1 a6 27. Nc3 Ng4 28. Nxb5 axb5 29. Qe2 f5 30. Rxb5 Qd4 31. Rb3 h5 32. h3 Nh6 33. Rd3 Qb4 34. exf5 Nxf5 35. Kh2 h4 36. gxh4 Qxh4 37. Qg4 Qxg4 38. hxg4 Nd6 39. Rxf8 Bxf8 40. Re3 Nf7 41. Kg3 Kg7 42. Be4 Be7 43. Bc2 Kf6 44. Rf3+ Kg7 45. Rb3 Nd6 46. Rb8 Kf7 47. Ra8 g5 48. Kf3 Bf6 49. Bf5 Be7 50. Rh8 Bf6 51. Be6+ Ke7 52. Rh7+ Ke8 53. Ke3 Nc4+ 54. Kd3 Nd6 55. Bf5 Kf8 56. Rd7 Be7 57. Bg6 1-0